|
|
|
|
| LEADER |
00000nam0a2200000 4500 |
| 001 |
168574 |
| 005 |
20231031163140.0 |
| 010 |
|
|
|a 9785699377459
|
| 035 |
|
|
|a (RuTPU)RU\TPU\book\182890
|
| 090 |
|
|
|a 168574
|
| 100 |
|
|
|a 20091029d2009 m y0rusy50 ca
|
| 101 |
1 |
|
|a rus
|c eng
|
| 102 |
|
|
|a RU
|
| 105 |
|
|
|a y z 000ay
|
| 200 |
1 |
|
|a Девятый камень
|e роман
|e пер. с англ.
|f К. Фицпатрик
|
| 210 |
|
|
|a Москва
|c Эксмо
|a СПб.
|c Домино
|d 2009
|
| 215 |
|
|
|a 432 с.
|
| 225 |
1 |
|
|a Книга-загадка, книга-бестселлер
|
| 330 |
|
|
|a Лондон, 1864 год. Из Индии возвращается леди Герберт, муж которой был задушен в Индии при весьма загадочных обстоятельствах. Среди драгоценностей леди Герберт есть девять особенных камней, принадлежавших махарадже Бенареса, в том числе огромный огненно-красный бриллиант, оказывающий роковое воздействие на каждого, кто до него дотронется. Вскоре в Лондоне происходят два ужасных убийства, причем оба убитых так или иначе были связаны с этим бриллиантом. Сама леди Герберт внезапно умирает, а девять камней исчезают. Следы похищенных драгоценностей ведут в Индию, к последователям зловещего культа богини-разрушительницы Кали...
|
| 610 |
1 |
|
|a английская литература
|
| 610 |
1 |
|
|a романы
|
| 610 |
1 |
|
|a приключения
|
| 675 |
|
|
|a 82
|v 3
|
| 700 |
|
1 |
|a Фицпатрик
|b К.
|g Кайли
|
| 801 |
|
1 |
|a RU
|b 63413507
|c 20091029
|
| 801 |
|
2 |
|a RU
|b 63413507
|c 20091112
|g RCR
|
| 942 |
|
|
|c BK
|